[Event "Split op 12th"]
[Site "Split"]
[Date "2023.08.12"]
[Round "8"]
[White "Konjevic, Nikola"]
[Black "Ivanov, Mike"]
[Result "0-1"]
[WhiteElo "1973"]
[BlackElo "2349"]
[PlyCount "152"]
[EventDate "2023.08.05"]
[EventType "swiss"]
[EventRounds "9"]
[EventCountry "CRO"]
[SourceTitle "CBM 215 Extra"]
[Source "ChessBase"]
[SourceDate "2023.09.30"]
[SourceVersion "1"]
[SourceVersionDate "2023.09.30"]
[SourceQuality "1"]

1. e4 e6 2. d4 d5 3. Nc3 Nf6 4. Bg5 Be7 5. e5 Nfd7 6. h4 h6 7. Bxe7 Qxe7 8. Qg4 0-0 9. Nf3 c5 10. dxc5 Nc6 11. Qg3 Nxc5 12. 0-0-0 Bd7 13. Nd4 f6 14. f4 fxe5 15. fxe5 Rac8 16. Be2 Nxd4 17. Rxd4 b5 18. Kb1 Rb8 19. Bf3 Na4 20. Ne2 Qc5 21. Rg4 Rf7 22. Nf4 Rc8 23. Rc1 Qb4 24. Nd3 Qe7 25. Rg6 Kh8 26. Bh5 Rf5 27. Bg4 Rff8 28. Be2 Be8 29. Rg4 Rc4 30. Qe3 Bh5 31. Rxc4 bxc4 32. Bxh5 cxd3 33. Qxd3 Qxh4 34. Bf3 Rb8 35. b3 Qf4 36. c3 Qxe5 37. Qd4 Qf5+ 38. Ka1 Nb6 39. Re1 Re8 40. Qe5 Qxe5 41. Rxe5 Nd7 42. Re1 Nf6 43. c4 dxc4 44. bxc4 e5 45. Bb7 Re7 46. Bd5 e4 47. Kb2 Nxd5 48. cxd5 Rd7 49. Rxe4 Rxd5 50. Kc3 Kh7 51. Ra4 Rg5 52. g4 a6 53. Kd3 Rg6 54. Ke3 Rf6 55. Ra5 Kg6 56. Ke4 Kf7 57. Ke3 Ke7 58. Ke4 Kd7 59. Ke3 Kc7 60. a4 Kb6 61. Re5 g5 62. a5+ Kc6 63. Ke4 Rf4+ 64. Ke3 Rxg4 65. Re6+ Kb5 66. Rxh6 Kxa5 67. Kd3 Kb5 68. Rg6 a5 69. Rg8 a4 70. Kc3 Kc5 71. Rd8 Rg3+ 72. Kc2 a3 73. Rc8+ Kd4 74. Ra8 Ke4 75. Ra4+ Kf5 76. Kd1 a2 0-1

[Event "CRO-ch U15"]
[Site "Trogir"]
[Date "2023.06.26"]
[Round "9"]
[White "Mlinaric, Simun"]
[Black "Konjevic, Nikola"]
[Result "1/2-1/2"]
[WhiteElo "1754"]
[BlackElo "1900"]
[PlyCount "48"]
[EventDate "2023.06.21"]
[EventType "swiss"]
[EventRounds "9"]
[EventCountry "CRO"]
[SourceTitle "EXT 2024"]
[Source "ChessBase"]
[SourceDate "2023.10.10"]
[SourceVersion "1"]
[SourceVersionDate "2023.10.10"]
[SourceQuality "1"]

1. d4 Nf6 2. Nf3 d5 3. c4 e6 4. g3 Be7 5. Bg2 0-0 6. 0-0 dxc4 7. Ne5 Nc6 8. Bxc6 bxc6 9. Nxc6 Qe8 10. Nxe7+ Qxe7 11. Qa4 e5 12. dxe5 Qxe5 13. Nc3 Ne4 14. Qxc4 Nxc3 15. bxc3 Be6 16. Bf4 Bxc4 17. Bxe5 Rfe8 18. Bxc7 Rxe2 19. Rfe1 Rxa2 20. Rxa2 Bxa2 21. Ra1 Bd5 22. f4 a6 23. Kf2 f6 24. Ke3 Rc8 1/2-1/2

[Event "CRO-ch U15"]
[Site "Trogir"]
[Date "2023.06.25"]
[Round "8"]
[White "Konjevic, Nikola"]
[Black "Stanic, Fabijan"]
[Result "1-0"]
[WhiteElo "1900"]
[BlackElo "1450"]
[PlyCount "53"]
[EventDate "2023.06.21"]
[EventType "swiss"]
[EventRounds "9"]
[EventCountry "CRO"]
[SourceTitle "EXT 2024"]
[Source "ChessBase"]
[SourceDate "2023.10.10"]
[SourceVersion "1"]
[SourceVersionDate "2023.10.10"]
[SourceQuality "1"]

1. e4 c5 2. Nf3 e6 3. c3 d5 4. exd5 exd5 5. Bb5+ Nc6 6. 0-0 Bd6 7. h3 Nge7 8. d4 0-0 9. dxc5 Bxc5 10. Bf4 Qb6 11. Bxc6 bxc6 12. b4 Bxb4 13. cxb4 Qxb4 14. Qd4 Qxd4 15. Nxd4 Ng6 16. Bd6 Rd8 17. Bc5 Bd7 18. Nd2 Nf4 19. Rab1 Nd3 20. N2b3 Ne5 21. Rfd1 a6 22. Na5 Rdc8 23. Rb7 Be8 24. Nf5 Ng6 25. Ne7+ Nxe7 26. Rxe7 Rab8 27. Nb7 1-0

[Event "CRO-ch U15"]
[Site "Trogir"]
[Date "2023.06.23"]
[Round "4"]
[White "Konjevic, Nikola"]
[Black "Martic, Ivan3333"]
[Result "1-0"]
[WhiteElo "1900"]
[BlackElo "1578"]
[PlyCount "57"]
[EventDate "2023.06.21"]
[EventType "swiss"]
[EventRounds "9"]
[EventCountry "CRO"]
[SourceTitle "EXT 2024"]
[Source "ChessBase"]
[SourceDate "2023.10.10"]
[SourceVersion "1"]
[SourceVersionDate "2023.10.10"]
[SourceQuality "1"]

1. e4 d6 2. d4 Nf6 3. Nc3 Nbd7 4. f4 e5 5. Nf3 exd4 6. Qxd4 c6 7. Be3 d5 8. exd5 Bc5 9. Qd3 Qe7 10. Nd4 Bxd4 11. Qxd4 Nxd5 12. Nxd5 cxd5 13. 0-0-0 0-0 14. Bd2 Qe4 15. Qf2 Nb6 16. Bd3 Qa4 17. Bc3 Qxa2 18. Qh4 f5 19. Rhe1 Qa4 20. Re7 d4 21. b3 Qa3+ 22. Bb2 Qd6 23. Qg5 Rf7 24. Rxf7 Kxf7 25. Bxf5 Bxf5 26. Qxf5+ Kg8 27. Rxd4 Qf8 28. Qg4 a5 29. Qe6+ 1-0

[Event "Bosnjaci op 27th"]
[Site "Bosnjaci"]
[Date "2023.01.07"]
[Round "7"]
[White "Hodak, Stevo"]
[Black "Konjevic, Nikola"]
[Result "1-0"]
[WhiteElo "2129"]
[BlackElo "1828"]
[PlyCount "93"]
[EventDate "2023.01.03"]
[EventType "swiss"]
[EventRounds "9"]
[EventCountry "CRO"]
[SourceTitle "CBM 212 Extra"]
[Source "ChessBase"]
[SourceDate "2023.03.31"]
[SourceVersion "1"]
[SourceVersionDate "2023.03.31"]
[SourceQuality "1"]

1. e4 e5 2. Nf3 Nc6 3. d4 exd4 4. Nxd4 Nf6 5. Nc3 Bb4 6. Nxc6 bxc6 7. Bd3 0-0 8. Bg5 h6 9. Bh4 d5 10. exd5 Re8+ 11. Kf1 Bxc3 12. bxc3 cxd5 13. Qf3 c6 14. Bxf6 Qxf6 15. Qxf6 gxf6 16. f3 Be6 17. Kf2 Rab8 18. Rab1 c5 19. f4 c4 20. Be2 Bf5 21. Bf3 Bxc2 22. Rxb8 Rxb8 23. Bxd5 Rb2 24. Ke3 Rxa2 25. Bxc4 Ra5 26. Rc1 Bf5 27. Kd4 Kf8 28. Re1 Ra4 29. Kc5 Bd7 30. Rb1 Ke7 31. Rb7 Ra5+ 32. Kd4 Kd6 33. Bxf7 Bc6 34. Rb2 Ra1 35. Rd2 Ra4+ 36. c4 a5 37. Re2 Bd7 38. Rb2 Ra1 39. Rb6+ Ke7 40. Bd5 a4 41. Ra6 Rb1 42. Ra7 Rd1+ 43. Kc5 Rd3 44. Bc6 a3 45. Bxd7 Rxd7 46. Rxa3 Rd2 47. Rg3 1-0

[Event "CRO-ch U17/19"]
[Site "Split"]
[Date "2022.07.27"]
[Round "4"]
[White "Damjanovic, Stjepan"]
[Black "Konjevic, Nikola"]
[Result "0-1"]
[WhiteElo "2057"]
[BlackElo "1696"]
[PlyCount "122"]
[EventDate "2022.07.25"]
[EventType "swiss"]
[EventRounds "9"]
[EventCountry "CRO"]
[SourceTitle "EXT 2023"]
[Source "ChessBase"]
[SourceDate "2022.10.05"]
[SourceVersion "1"]
[SourceVersionDate "2022.10.05"]
[SourceQuality "1"]

1. e4 e5 2. Nf3 Nc6 3. Bc4 Bc5 4. 0-0 Nf6 5. d3 d6 6. c3 0-0 7. b4 Bb6 8. a4 a6 9. Bb3 Ne7 10. Bg5 Ng6 11. Nh4 Bg4 12. Qc2 Nh8 13. Nf5 h6 14. Be3 Qd7 15. d4 exd4 16. cxd4 Ng6 17. Ng3 d5 18. h3 Bxh3 19. f3 dxe4 20. gxh3 Bxd4 21. Bxd4 Qxd4+ 22. Kh2 Qxa1 23. Nc3 Qa3 24. fxe4 Qxb4 25. Nf5 Qc5 26. Rg1 Kh8 27. Qc1 Qe5+ 28. Kh1 Qf4 29. Qxf4 Nxf4 30. Rxg7 Ne6 31. Rg2 Nc5 32. Bc2 Rae8 33. Nxh6 Ncxe4 34. Ne2 Nd5 35. Bb3 c6 36. Nd4 Nd6 37. Rg5 f6 38. Rg4 Re4 39. Rxe4 Nxe4 40. Ndf5 Ng5 41. Kg2 Nf7 42. Ng4 Ne5 43. Ngh6 Nf7 44. Ng4 Ne5 45. Ngh6 Nd7 46. Kf3 Re8 47. h4 Re1 48. h5 Rh1 49. Ng3 Ne5+ 50. Ke4 Rb1 51. Bxd5 cxd5+ 52. Kxd5 Kh7 53. Nhf5 Ng4 54. Ne4 Rd1+ 55. Kc5 Re1 56. Ned6 Rb1 57. Ne4 b6+ 58. Kd6 b5 59. Nc5 bxa4 60. Nxa4 Rb5 61. Ke6 Re5+ 0-1

[Event "CRO-ch U17/19"]
[Site "Split"]
[Date "2022.07.26"]
[Round "3"]
[White "Konjevic, Nikola"]
[Black "Martic, Filip"]
[Result "1-0"]
[WhiteElo "1696"]
[BlackElo "1859"]
[PlyCount "133"]
[EventDate "2022.07.25"]
[EventType "swiss"]
[EventRounds "9"]
[EventCountry "CRO"]
[SourceTitle "EXT 2023"]
[Source "ChessBase"]
[SourceDate "2022.10.05"]
[SourceVersion "1"]
[SourceVersionDate "2022.10.05"]
[SourceQuality "1"]

1. e4 c5 2. c3 g6 3. d4 cxd4 4. cxd4 d5 5. e5 Bg7 6. Nc3 Nc6 7. Bb5 Nh6 8. h3 0-0 9. Nf3 f6 10. exf6 Rxf6 11. 0-0 Nf5 12. Bg5 Re6 13. Bxc6 Rxc6 14. Re1 Bf6 15. Qd2 Be6 16. Ne5 Ra6 17. Bxf6 exf6 18. Nd3 Bf7 19. Nc5 Rc6 20. Nxb7 Qb6 21. Nc5 Qb4 22. Nb3 Rc4 23. Red1 Rb8 24. Ne2 a5 25. Nxa5 Qxd2 26. Rxd2 Ra4 27. Nc6 Rc8 28. b3 Ra6 29. Nb4 Rb6 30. Rc2 Ra8 31. Nc6 Rxb3 32. a4 Rb6 33. a5 Rba6 34. Rc5 Nd6 35. Nb4 R6a7 36. Nxd5 Bxd5 37. Rxd5 Nc4 38. Rc5 Rxa5 39. Raxa5 Nxa5 40. Rc7 Rd8 41. f4 Nb3 42. Rc4 Nd2 43. Rb4 f5 44. Kf2 Ne4+ 45. Kf3 Nd2+ 46. Ke3 Ne4 47. Kd3 h5 48. Nc3 Nf6 49. Rb5 Kf7 50. d5 Ne8 51. Kd4 Nd6 52. Rb6 Rd7 53. Nb5 Ne4 54. Ke5 Re7+ 55. Re6 Nc5 56. Rxe7+ Kxe7 57. d6+ Kf7 58. Kd5 Ne6 59. Kc6 Nxf4 60. Nd4 Nd3 61. d7 Ne5+ 62. Kc7 Nxd7 63. Kxd7 Kf6 64. Kd6 Kg5 65. Ke5 Kh4 66. Kf4 g5+ 67. Kxf5 1-0

[Event "CRO-ch U13"]
[Site "Trogir"]
[Date "2021.06.22"]
[Round "6"]
[White "Abramovic, Karlo"]
[Black "Konjevic, Nikola"]
[Result "1/2-1/2"]
[WhiteElo "1261"]
[BlackElo "1438"]
[PlyCount "53"]
[EventDate "2021.06.18"]
[EventType "swiss"]
[EventRounds "9"]
[EventCountry "CRO"]
[SourceTitle "EXT 2022"]
[Source "ChessBase"]
[SourceDate "2021.10.06"]
[SourceVersion "1"]
[SourceVersionDate "2021.10.06"]
[SourceQuality "1"]

1. e4 e5 2. Nf3 Nc6 3. d4 exd4 4. Nxd4 Nf6 5. Nc3 Bb4 6. Nxc6 bxc6 7. Bd3 d5 8. exd5 cxd5 9. 0-0 0-0 10. Bg5 Bb7 11. a3 Bxc3 12. bxc3 Qd6 13. Re1 Rfe8 14. Qd2 Ng4 15. Bf4 Rxe1+ 16. Rxe1 Qxa3 17. Bxc7 a5 18. c4 Qc5 19. Qf4 Nf6 20. Rb1 Qc6 21. Rb6 Nh5 22. Bxh7+ Kh8 23. Qxf7 Qe8 24. Qxe8+ Rxe8 25. f3 Kxh7 26. Rxb7 dxc4 27. Bxa5 1/2-1/2

[Event "CRO-ch U13"]
[Site "Trogir"]
[Date "2020.08.28"]
[Round "7"]
[White "Krizanic, Petar"]
[Black "Konjevic, Nikola"]
[Result "1/2-1/2"]
[WhiteElo "1294"]
[BlackElo "1419"]
[PlyCount "42"]
[EventDate "2020.08.24"]
[EventType "swiss"]
[EventRounds "9"]
[EventCountry "CRO"]
[SourceTitle "CBM 198 Extra"]
[Source "ChessBase"]
[SourceDate "2020.11.30"]
[SourceVersion "1"]
[SourceVersionDate "2020.11.30"]
[SourceQuality "1"]

1. e4 e5 2. Nf3 Nc6 3. Bc4 Bc5 4. c3 Nf6 5. b4 Bb6 6. d3 d6 7. a4 a6 8. Bg5 h6 9. Bh4 0-0 10. 0-0 Bg4 11. Nbd2 Qe7 12. h3 Be6 13. Bd5 Nd8 14. Bc4 c6 15. Re1 Bc7 16. a5 Re8 17. Qe2 Bxc4 18. Nxc4 Ne6 19. Ne3 Nf4 20. Qd2 Rad8 21. Nf5 Qe6 1/2-1/2

[Event "CRO-ch U13"]
[Site "Trogir"]
[Date "2020.08.25"]
[Round "3"]
[White "Colev, Ivor"]
[Black "Konjevic, Nikola"]
[Result "1-0"]
[WhiteElo "1795"]
[BlackElo "1419"]
[PlyCount "61"]
[EventDate "2020.08.24"]
[EventType "swiss"]
[EventRounds "9"]
[EventCountry "CRO"]
[SourceTitle "CBM 198 Extra"]
[Source "ChessBase"]
[SourceDate "2020.11.30"]
[SourceVersion "1"]
[SourceVersionDate "2020.11.30"]
[SourceQuality "1"]

1. e4 e5 2. Nf3 Nc6 3. Bb5 a6 4. Ba4 Nf6 5. 0-0 Be7 6. Re1 b5 7. Bb3 d6 8. c3 0-0 9. h3 Na5 10. Bc2 c5 11. d4 Nc6 12. Nbd2 Qc7 13. d5 Na7 14. Nf1 Bd7 15. Ne3 Rae8 16. Nh2 Kh8 17. b3 Nc8 18. Qe2 Nb6 19. a4 bxa4 20. bxa4 a5 21. Nc4 Nxc4 22. Qxc4 Rb8 23. Nf1 Rb7 24. Ne3 Rfb8 25. Qe2 Qd8 26. Nc4 Ra8 27. f4 exf4 28. Bxf4 Qf8 29. e5 Nxd5 30. Qe4 Be6 31. Qxh7# 1-0

[Event "CRO-ch U13"]
[Site "Trogir"]
[Date "2020.08.24"]
[Round "2"]
[White "Konjevic, Nikola"]
[Black "Sundac, Ivano"]
[Result "1-0"]
[WhiteElo "1419"]
[BlackElo "1513"]
[PlyCount "69"]
[EventDate "2020.08.24"]
[EventType "swiss"]
[EventRounds "9"]
[EventCountry "CRO"]
[SourceTitle "CBM 198 Extra"]
[Source "ChessBase"]
[SourceDate "2020.11.30"]
[SourceVersion "1"]
[SourceVersionDate "2020.11.30"]
[SourceQuality "1"]

1. e4 c5 2. c3 Nf6 3. e5 Nd5 4. d4 cxd4 5. Nf3 Nc6 6. cxd4 e6 7. Nc3 Bb4 8. Bd2 Bxc3 9. bxc3 0-0 10. Bd3 h6 11. 0-0 d6 12. Re1 dxe5 13. Nxe5 Nxe5 14. Rxe5 Qf6 15. Qg4 Kh8 16. Qe4 Qg6 17. Qxg6 fxg6 18. Bxg6 Ne7 19. Bd3 Bd7 20. Rae1 Nc6 21. R5e2 Rf6 22. Bc4 Raf8 23. f3 Nd8 24. Bc1 b5 25. Bb3 g5 26. Ba3 Rg8 27. Be7 Rfg6 28. Bc2 R6g7 29. Bf6 Rf8 30. Bxg7+ Kxg7 31. Bb3 a5 32. a3 Kf6 33. d5 exd5 34. Bxd5 Bf5 35. Re8 1-0